000
00337nam a2200157 a 4500
008
190521s2005|||| d
100
1
_a
Jordánová Zdeňka
245
1
0
_a
Poznej svuj cíl
260
_b
Vodnár
_a
Praha
_c
2005
250
_a
1.vydanie
958
_a
A
300
_a
169s.
020
_c
0
041
_a
cze
044
_a
CZ
999
_c
20696
_d
20696